Normal view
MARC view
Entry Uniform Title
001 - CONTROL NUMBER
- control field: 50071
003 - CONTROL NUMBER IDENTIFIER
- control field: dpl
005 - DATE AND TIME OF LATEST TRANSACTION
- control field: 20120711162744.0
008 - FIXED-LENGTH DATA ELEMENTS
- fixed length control field: 120711|||a|||||| | ||| d
040 ## - CATALOGING SOURCE
- Original cataloging agency: dpl
- Transcribing agency: dpl
130 ## - HEADING--UNIFORM TITLE
- Uniform title: झारखण्ड के क्रान्तिदूत की जीवन गाथा
670 ## - SOURCE DATA FOUND
- Source citation: Work cat.: (dpl)57721: 23632 शर्मा,पवित्र कुमार, क्रान्तिदूत बिरसा मुण्डा /, 2011
670 ## - SOURCE DATA FOUND
- Source citation: Work cat.: (dpl)57721: 23632 शर्मा,पवित्र कुमार, क्रान्तिदूत बिरसा मुण्डा /, 2011
